000 01102nam a22002057a 4500
999 _c357924
_d357924
003 IT-MiCISF
005 20180704174027.0
008 180704b ||||| |||| 00| 0 eng d
040 _cIT-MiCISF
041 _ait
100 _aCattaneo Arturo
_957280
245 _aPrepararsi al matrimonio
_bGuidati da Papa Francesco
260 _aTorino
_bElledici
_c2018
300 _app. 56
500 _amatrimonio, preparazione-al-matrimonio, matrimonio-sacramento
520 _aL'amore da solo basta per sposarsi? Questa piccola guida propone un percorso volto a superare egoismi e instabilità, per alimentare radici profonde su cui fondare una nuova casa. Il testo è basato sugli insegnamenti di papa Francesco contenuti nell'esortazione "Amoris laetitia" e offre materiali e spunti suggestivi per sei incontri di preparazione: "Che significa sposarsi?", "Costruire su un fondamento solido", "Sviluppare radici profonde", "Come affrontare e superare le crisi", "Un progetto da portare avanti insieme" e "Perché in chiesa?".
650 _amatrimonio
_956048
654 _asussidio
942 _2ddc
_cBK